The origins of development economics : (Record no. 43168)

MARC details
000 -LEADER
campo de control de longitud fija 03072cam a2200601 a 4500
001 - NÚMERO DE CONTROL
campo de control 59888
005 - FECHA Y HORA DE LA ÚLTIMA TRANSACCIÓN
campo de control 20230410115533.0
008 - DATOS DE LONGITUD FIJA--INFORMACIÓN GENERAL
campo de control de longitud fija 060403s2005 ii a f b 001 0 eng
010 ## - NÚMERO DE CONTROL DE LA BIBLIOTECA DEL CONGRESO
Número de control de LC 2006295861
035 ## - NÚMERO DE CONTROL DEL SISTEMA
Número de control de sistema (OCoLC)ocm60668323
040 ## - FUENTE DE CATALOGACIÓN
Centro catalogador/agencia de origen UKM
Centro/agencia transcriptor UKM
Centro/agencia modificador DLC
-- BWKUK
-- BAKER
-- J2H
-- NLGGC
-- YDXCP
-- BTCTA
015 ## - NÚMERO DE BIBLIOGRAFÍA NACIONAL
Número de bibliografía nacional GBA559561
Fuente bnb
015 ## - NÚMERO DE BIBLIOGRAFÍA NACIONAL
Número de bibliografía nacional GBA551073
Fuente bnb
016 7# - NÚMERO DE CONTROL DE UNA AGENCIA BIBLIOGRÁFICA NACIONAL
Número de control del registro 013251381
Fuente Uk
016 7# - NÚMERO DE CONTROL DE UNA AGENCIA BIBLIOGRÁFICA NACIONAL
Número de control del registro 013221299
Fuente Uk
020 ## - NÚMERO INTERNACIONAL ESTÁNDAR DEL LIBRO
Número Internacional Estándar del Libro 8185229988 (Tulika)
020 ## - NÚMERO INTERNACIONAL ESTÁNDAR DEL LIBRO
Número Internacional Estándar del Libro 9788185229980 (Tulika)
020 ## - NÚMERO INTERNACIONAL ESTÁNDAR DEL LIBRO
Número Internacional Estándar del Libro 1842776479 (Zed : pbk.)
020 ## - NÚMERO INTERNACIONAL ESTÁNDAR DEL LIBRO
Número Internacional Estándar del Libro 9781842776476 (Zed : pbk.)
020 ## - NÚMERO INTERNACIONAL ESTÁNDAR DEL LIBRO
Número Internacional Estándar del Libro 1842776460 (Zed : hbk.)
020 ## - NÚMERO INTERNACIONAL ESTÁNDAR DEL LIBRO
Número Internacional Estándar del Libro 9781842776469 (Zed : hbk.)
029 1# - OTRO NÚMERO DE CONTROL DE SISTEMA (OCLC)
Identificador de la biblioteca OCLC NLGGC
Número de control de sistema 290870380
029 1# - OTRO NÚMERO DE CONTROL DE SISTEMA (OCLC)
Identificador de la biblioteca OCLC YDXCP
Número de control de sistema 100417763
029 1# - OTRO NÚMERO DE CONTROL DE SISTEMA (OCLC)
Identificador de la biblioteca OCLC YDXCP
Número de control de sistema 100407306
029 1# - OTRO NÚMERO DE CONTROL DE SISTEMA (OCLC)
Identificador de la biblioteca OCLC NZ1
Número de control de sistema 9669940
029 1# - OTRO NÚMERO DE CONTROL DE SISTEMA (OCLC)
Identificador de la biblioteca OCLC AU@
Número de control de sistema 000040942914
029 1# - OTRO NÚMERO DE CONTROL DE SISTEMA (OCLC)
Identificador de la biblioteca OCLC AU@
Número de control de sistema 000040174053
035 ## - NÚMERO DE CONTROL DEL SISTEMA
Número de control de sistema (OCoLC)60668323
042 ## - CÓDIGO DE AUTENTICACIÓN
Código de autenticación lccopycat
050 14 - SIGNATURA TOPOGRÁFICA DE LA BIBLIOTECA DEL CONGRESO
Número de clasificación HD78
Número de ítem .O69 2005
082 04 - NÚMERO DE LA CLASIFICACIÓN DECIMAL DEWEY
Número de clasificación 338.9009
Número de edición 22
084 ## - OTRO NÚMERO DE CLASIFICACIÓN
Número de clasificación 83.01
Fuente del número bcl
245 04 - MENCIÓN DEL TÍTULO
Título The origins of development economics :
Resto del título how schools of economic thought have addressed development /
Mención de responsabilidad, etc. edited by Jomo K.S. Jomo, Erik S. Reinert.
260 ## - PUBLICACIÓN, DISTRIBUCIÓN, ETC.
Lugar de publicación, distribución, etc. New Delhi :
Nombre del editor, distribuidor, etc. Tulika Books ;
Lugar de publicación, distribución, etc. London ;
-- New York :
Nombre del editor, distribuidor, etc. Zed ;
Lugar de publicación, distribución, etc. New York :
Nombre del editor, distribuidor, etc. Distributed in the USA exclusively by Palgrave,
Fecha de publicación, distribución, etc. 2005.
300 ## - DESCRIPCIÓN FÍSICA
Extensión xxii, 165 p. :
Otras características físicas ill. ;
Dimensiones 25 cm.
504 ## - NOTA DE BIBLIOGRAFÍA, ETC.
Nota de bibliografía, etc. Includes bibliographical references and index.
505 0# - NOTA DE CONTENIDO CON FORMATO
Nota de contenido con formato Mercantilism and economic development : Schumpeterian dynamics, institution-building and international benchmarking / Erik S. Reinert, Sophus A. Reinert -- The Italian tradition of political economy : theories and policies of development in the semi-periphery of the Enlightenment / Sophus A. Reinert -- German economics as development economics : from the Thirty Years' War to World War II / Erik S. Reinert -- The capitalist transformation / Mushtaq Husain Khan -- The pioneers of development economics and modern growth theory / Jaime Ros -- International trade in early development economics / Amitava K. Dutt -- The rise and decline of Latin American structuralism / Alfredo Saad-Filho -- Development in the history of economics / Tamâas Szentes.
650 #0 - PUNTO DE ACCESO ADICIONAL DE MATERIA--TÉRMINO DE MATERIA
Término de materia o nombre geográfico como elemento de entrada Development economics
Subdivisión general History.
650 17 - PUNTO DE ACCESO ADICIONAL DE MATERIA--TÉRMINO DE MATERIA
Término de materia o nombre geográfico como elemento de entrada Ontwikkelingseconomie.
Fuente del encabezamiento o término gtt
650 17 - PUNTO DE ACCESO ADICIONAL DE MATERIA--TÉRMINO DE MATERIA
Término de materia o nombre geográfico como elemento de entrada Economische filosofie.
Fuente del encabezamiento o término gtt
700 0# - ENTRADA AGREGADA--NOMBRE PERSONAL
Nombre de persona Jomo K. S.
Forma completa/desarrollada del nombre (Jomo Kwame Sundaram)
700 1# - ENTRADA AGREGADA--NOMBRE PERSONAL
Nombre de persona Reinert, Erik S.,
Fechas asociadas al nombre 1949-
856 42 - LOCALIZACIÓN Y ACCESO ELECTRÓNICOS
Materiales especificados Contributor biographical information
Identificador Uniforme de Recursos <a href="http://www.loc.gov/catdir/enhancements/fy0634/2006295861-b.html">http://www.loc.gov/catdir/enhancements/fy0634/2006295861-b.html</a>
856 42 - LOCALIZACIÓN Y ACCESO ELECTRÓNICOS
Materiales especificados Publisher description
Identificador Uniforme de Recursos <a href="http://www.loc.gov/catdir/enhancements/fy0634/2006295861-d.html">http://www.loc.gov/catdir/enhancements/fy0634/2006295861-d.html</a>
856 41 - LOCALIZACIÓN Y ACCESO ELECTRÓNICOS
Materiales especificados Table of contents only
Identificador Uniforme de Recursos <a href="http://www.loc.gov/catdir/enhancements/fy0634/2006295861-t.html">http://www.loc.gov/catdir/enhancements/fy0634/2006295861-t.html</a>
938 ## -
-- Baker and Taylor
-- BTCP
-- 2006295861
938 ## -
-- YBP Library Services
-- YANK
-- 100417763
938 ## -
-- Baker & Taylor
-- BKTY
-- 31.00
-- 31.00
-- 1842776479
-- 0006690957
-- active
938 ## -
-- Baker & Taylor
-- BKTY
-- 99.00
-- 99.00
-- 1842776460
-- 0006444051
-- active
942 ## - ELEMENTOS DE ENTRADA SECUNDARIOS (KOHA)
Fuente del sistema de clasificación o colocación Clasificación de Library of Congress
Tipo de ítem Koha
946 ## - PROCESAMIENTO DE INFORMACIÓN LOCAL (OCLC)
a clperez
994 ## -
-- C0
-- DRFGD
Holdings
Estatus retirado Estado de pérdida Fuente del sistema de clasificación o colocación Estado de daño No para préstamo Colección Biblioteca de origen Biblioteca actual Ubicación en estantería Fecha de adquisición Serial enumeration / chronology Signatura topográfica completa Código de barras Visto por última vez Copia número Tipo de ítem Koha
    Clasificación de Library of Congress     Ciencias Sociales Biblioteca Juan Bosch Biblioteca Juan Bosch Ciencias Sociales (3er. Piso) 10/04/2023 3 HD78 .O69 2005 00000059780 24/10/2018 1